| 000 | 00000nam 2200000za 4500 |
| 001 | 9.844232 |
| 003 | CaOODSP |
| 005 | 20221107152711 |
| 007 | cr ||||||||||| |
| 008 | 180201s2013 onc||||#o f000 0 fre d |
| 020 | |a978-0-660-09880-7 |
| 040 | |aCaOODSP|bfre |
| 043 | |an-cn--- |
| 086 | 1 |aBT43-146/2013F-PDF |
| 110 | 1 |aCanada. |bConseil du trésor. |
| 245 | 10|aOutil d'évaluation de la capacité organisationnelle de gestion de projet |h[ressource électronique]. |
| 250 | |aVersion 1.4 |
| 260 | |aOttawa : |bSecrétariat du Conseil du Trésor du Canada, |cc2013. |
| 300 | |a[60] p. (pages non numérotées) |
| 500 | |aPublié aussi en anglais sous le titre : Organizational project management capacity assessment tool. |
| 500 | |a« Publié : le 01 mai 2013. » |
| 500 | |aÉgalement disponible en format HTML. |
| 504 | |aComprend des références bibliographiques. |
| 520 | 0 |a« L'évaluation est fondée sur les domaines de connaissances en matière de gestion de projets tels que définis dans le document intitulé A Guide to the Project Management Body of Knowledge et dans les normes établies par le Project Management Institute (PMI) en matière de gestion de programmes et de gestion de portefeuille. L'évaluation englobe deux autres domaines de connaissances, soit les structures de soutien de l'organisation et les normes de gestion de projet » --Fourni par l'éditeur. |
| 692 | 07|2gccst|aPolitique gouvernementale |
| 692 | 07|2gccst|aGestion de projet |
| 775 | 08|tOrganizational project management capacity assessment tool |w(CaOODSP)9.844231 |
| 856 | 40|qPDF|s243 Ko|uhttps://publications.gc.ca/collections/collection_2018/sct-tbs/BT43-146-2013-fra.pdf |
| 856 | 4 |qHTML|sS.O.|uhttps://www.canada.ca/fr/secretariat-conseil-tresor/services/gestion-information-technologie-projets/gestion-projects/outil-evaluation-capacite-organisationnelle-gestion-projet.html |